The Orginal 151 Pokemon - Statistics

General Stats
  • This quiz has been taken 222 times
  • The average score is 95 of 151
Answer Stats
# Pokémon % Correct
25 Pikachu
97%
1 Bulbasaur
96%
6 Charizard
95%
4 Charmander
93%
5 Charmeleon
91%
7 Squirtle
91%
26 Raichu
90%
2 Ivysaur
89%
151 Mew
89%
8 Wartortle
89%
9 Blastoise
88%
150 Mewtwo
88%
12 Butterfree
87%
3 Venusaur
87%
13 Weedle
87%
10 Caterpie
86%
15 Beedrill
83%
11 Metapod
83%
145 Zapdos
83%
14 Kakuna
79%
146 Moltres
79%
18 Pidgeot
79%
16 Pidgey
78%
144 Articuno
77%
149 Dragonite
77%
34 Nidoking
76%
29 Nidoran♀
76%
32 Nidoran♂
76%
30 Nidorina
76%
17 Pidgeotto
76%
133 Eevee
75%
129 Magikarp
75%
33 Nidorino
75%
19 Rattata
75%
74 Geodude
74%
31 Nidoqueen
74%
95 Onix
73%
21 Spearow
73%
147 Dratini
72%
22 Fearow
72%
66 Machop
72%
20 Raticate
72%
23 Ekans
71%
39 Jigglypuff
71%
52 Meowth
71%
63 Abra
70%
148 Dragonair
70%
64 Kadabra
70%
131 Lapras
70%
68 Machamp
70%
134 Vaporeon
70%
24 Arbok
68%
136 Flareon
68%
135 Jolteon
68%
67 Machoke
68%
94 Gengar
67%
76 Golem
67%
75 Graveler
67%
130 Gyarados
67%
43 Oddish
67%
65 Alakazam
66%
35 Clefairy
66%
92 Gastly
66%
40 Wigglytuff
66%
36 Clefable
65%
51 Dugtrio
65%
44 Gloom
65%
93 Haunter
65%
106 Hitmonlee
65%
143 Snorlax
65%
37 Vulpix
65%
50 Diglett
64%
107 Hitmonchan
64%
53 Persian
64%
122 Mr. Mime
63%
38 Ninetales
62%
69 Bellsprout
61%
118 Goldeen
61%
27 Sandshrew
61%
121 Starmie
61%
45 Vileplume
61%
100 Voltorb
61%
101 Electrode
60%
120 Staryu
60%
110 Weezing
60%
109 Koffing
59%
126 Magmar
59%
28 Sandslash
59%
59 Arcanine
58%
124 Jynx
58%
81 Magnemite
58%
41 Zubat
58%
132 Ditto
57%
125 Electabuzz
57%
58 Growlithe
57%
89 Muk
57%
119 Seaking
57%
84 Doduo
55%
42 Golbat
55%
88 Grimer
55%
70 Weepinbell
55%
123 Scyther
54%
71 Victreebel
54%
113 Chansey
53%
140 Kabuto
53%
115 Kangaskhan
53%
82 Magneton
53%
49 Venomoth
53%
141 Kabutops
52%
139 Omastar
52%
77 Ponyta
52%
78 Rapidash
52%
48 Venonat
52%
116 Horsea
51%
86 Seel
51%
85 Dodrio
50%
46 Paras
50%
72 Tentacool
50%
142 Aerodactyl
49%
56 Mankey
49%
138 Omanyte
49%
57 Primeape
49%
54 Psyduck
49%
112 Rhydon
49%
73 Tentacruel
49%
97 Hypno
48%
47 Parasect
48%
111 Rhyhorn
48%
117 Seadra
48%
55 Golduck
47%
128 Tauros
47%
87 Dewgong
46%
83 Farfetch'd
46%
98 Krabby
46%
96 Drowzee
45%
127 Pinsir
45%
104 Cubone
42%
99 Kingler
42%
79 Slowpoke
42%
60 Poliwag
41%
61 Poliwhirl
41%
80 Slowbro
41%
103 Exeggutor
40%
102 Exeggcute
39%
105 Marowak
39%
62 Poliwrath
39%
91 Cloyster
38%
137 Porygon
38%
108 Lickitung
37%
114 Tangela
37%
90 Shellder
34%
No matching quizzes found
Score Distribution
Percent of People with Each Score
Percentile by Number Answered
Your Score History
You have not taken this quiz